000 00292nam a22001337a 4500
020 _a0-7214-0013-2
082 _a823
_bMUR/L
100 _aLOOK AT THIS
245 _aKEY WORDS WITH LADY BIRD
260 _aLONDON
_bLADY BIRD
300 _a50
650 _aENGLISH SHORT STORY
_zUK
942 _cBK
999 _c2602
_d2602